|
|
|
|
| LEADER |
00000cas a2200000 a 4500 |
| 001 |
vtls010301043 |
| 003 |
SK-MaSNL |
| 005 |
20260425194244.0 |
| 008 |
110810d19531954xo sr|p 0 b0slo |
| 040 |
|
|
|a SNK
|b slo
|c SNK
|e AACR2
|
| 041 |
0 |
|
|a slo
|
| 043 |
|
|
|a e-xo---
|
| 044 |
|
|
|a xo
|c SK
|
| 072 |
|
7 |
|a 637
|x Živočíšne produkty
|2 konspekt
|
| 080 |
|
|
|a 637.5
|2 2001
|
| 080 |
|
|
|a 050
|2 2001
|
| 080 |
|
|
|a 637.5+664.91/.95
|2 2001
|
| 245 |
0 |
0 |
|a Bratislavský mäsopriemysel
|b časopis ZO KSS, ZS ROH, ZS ČSM Bratislavského mäsopriemyslu, n. p., Bratislava
|
| 260 |
|
|
|a Bratislava
|b Bratislavský mäsopriemysel
|c 1953-1954
|
| 300 |
|
|
|a 2 zv.
|c 31 cm
|
| 310 |
|
|
|a 2x mesačne
|
| 362 |
0 |
|
|a Roč. III, č. 1 (1953)-roč. IV, č. 24 (1954)
|
| 500 |
|
|
|a V tiráži podnázov: časopis zamestnancov Bratislavského mäsopriemyslu, n. p., Bratislava
|
| 500 |
|
|
|a Redaktori sa menia
|
| 500 |
|
|
|a Maj. a vyd. ZO KSS, ZS ROH, ČSM pri Bratislavskom mäsopriemysle, n. p. v Bratislave
|
| 500 |
|
|
|a Tlač.: Merkantilné tlačiarne, záv. v Bratislave
|
| 500 |
|
|
|a Nadviazal na I. a II. roč., ktoré vych. pod názvom: Mäsopriemysel
|
| 650 |
0 |
7 |
|a mäsový priemysel
|2 SNKPH
|9 64012
|
| 651 |
|
7 |
|a Bratislava (Slovensko)
|2 SNKPH
|9 14568
|
| 655 |
|
7 |
|a podnikové časopisy
|2 SNKPH
|9 265225
|
| 780 |
0 |
0 |
|t Mäsopriemysel
|w vtls010301569
|
| 910 |
|
|
|a snk
|
| 916 |
|
|
|a 1953-1954
|
| 999 |
|
|
|c 8565
|d 10495
|
| 952 |
|
|
|t č. 1-15
|a SNK
|b SNK
|y PREZ
|7 0
|p 17A0713712
|o snkČSB 643/3/1953
|i snk263/54
|f 1
|0 0
|1 0
|4 0
|d 2014-12-04
|l 0
|r 2026-02-21 20:20:33
|w 2026-02-21
|
| 952 |
|
|
|t č. 1-24
|a SNK
|b SNK
|y PREZ
|7 0
|p 17A0713715
|o snkČSB 643/4/1954
|f 1
|0 0
|1 0
|4 0
|d 2014-12-04
|l 0
|r 2026-02-21 20:20:33
|w 2026-02-21
|